Seven simple sicrets (Record no. 23888)

MARC details
000 -LEADER
fixed length control field 00596nam a22001937a 4500
003 - CONTROL NUMBER IDENTIFIER
control field OSt
005 - DATE AND TIME OF LATEST TRANSACTION
control field 20260610154856.0
008 - FIXED-LENGTH DATA ELEMENTS--GENERAL INFORMATION
fixed length control field 260610b |||||||| |||| 00| 0 eng d
020 ## - INTERNATIONAL STANDARD BOOK NUMBER
International Standard Book Number 1-59667-021-5
040 ## - CATALOGING SOURCE
Transcribing agency Chuka University Library
050 ## - LIBRARY OF CONGRESS CALL NUMBER
Classification number LB 1025.3
Item number .B7 2006
100 ## - MAIN ENTRY--PERSONAL NAME
Personal name Breaux Annette
9 (RLIN) 27062
245 ## - TITLE STATEMENT
Title Seven simple sicrets
Remainder of title What the best teachers know and do
260 ## - PUBLICATION, DISTRIBUTION, ETC.
Place of publication, distribution, etc. 6 depot way west,suite 106
Name of publisher, distributor, etc. Eye on education
Date of publication, distribution, etc. 2006
300 ## - PHYSICAL DESCRIPTION
Extent 136p.
650 ## - SUBJECT ADDED ENTRY--TOPICAL TERM
Topical term or geographic name entry element Teaching handbook manual
9 (RLIN) 28393
650 ## - SUBJECT ADDED ENTRY--TOPICAL TERM
Topical term or geographic name entry element Classroom management handbook manual
9 (RLIN) 28394
942 ## - ADDED ENTRY ELEMENTS (KOHA)
Source of classification or shelving scheme Library of Congress Classification
Koha item type Long Loan Books
Suppress in OPAC No
Holdings
Withdrawn status Lost status Source of classification or shelving scheme Damaged status Not for loan Collection Home library Current library Shelving location Date acquired Source of acquisition Cost, normal purchase price Total Checkouts Full call number Barcode Date last seen Price effective from Koha item type
    Library of Congress Classification     General Collection Books Main Campus Library Main Campus Library General Stacks 10/06/2026 Donations from books for Africa 309.17   LB 1025.3 .B7 2006 33769/2026 10/06/2026 10/06/2026 Long Loan Books

Powered by Koha